| 000 | 00597nam a2200253Ia 4500 | ||
|---|---|---|---|
| 008 | 170203s9999 xx 000 0 und d | ||
| 020 | _a0-590475967 | ||
| 050 | _aFic | ||
| 050 | _b.M393v 1996 | ||
| 100 | _aMarzollo, Jean | ||
| 245 | _aValentine Cats / | ||
| 245 | _cJean Marzollo. | ||
| 260 | _aNew York : | ||
| 260 | _bScholastic Inc., | ||
| 260 | _c1996 | ||
| 300 | _bcol. ill. ; | ||
| 300 | _c21 cm. | ||
| 440 | _aRead with me paperbacks. | ||
| 650 | _aCats-- | ||
| 650 | _aStories in rhyme. | ||
| 650 | _aValentine's Day-- | ||
| 650 | _xFiction. | ||
| 650 | _xFiction. | ||
| 999 |
_c306079 _d306079 |
||